Norma Chilena NCh 3202-2010

Uloženo v:
Podrobná bibliografie
Korporativní autor: Instituto Nacional de Normalización (Autor)
Médium: Kniha
Jazyk:španělština
Vydáno: Santiago Instituto Nacional de Normalización 2010
Vydání:1a. ed
Témata:
Tagy: Přidat tag
Žádné tagy, Buďte první, kdo vytvoří štítek k tomuto záznamu!

MARC

LEADER 00000cam a2200000 a 4500
001 UCD2863
003 CL-VaPUC
008 160512e20100000cl |||||||||||||||||spa|d
082 0 4 |a 628.2  |b INS  |2 21 
110 2 |a Instituto Nacional de Normalización  |e author  |9 586243 
245 1 0 |a Norma Chilena NCh 3202-2010 
246 1 0 |a Instalaciones domiciliarias de agua potable - instalación de sistemas de tuberías y pruebas de obra 
246 1 0 |a Domiciliary systems of drinking water - pipelines systems installation and test 
250 |a 1a. ed 
300 |a 21 p 
942 |c BK 
945 |d 20160512 21:36:00  |a arojas 
260 |a Santiago  |b Instituto Nacional de Normalización  |c 2010 
650 0 |a Agua potable   |9 260375 
650 0 |a Tuberías  |9 259420 
650 0 |a Alcantarillado   |9 260369 
650 7 |a DISTRIBUCION DE AGUA  |2 CL-VaPUC  |9 364346 
650 0 |a Normas chilenas  |9 472382 
583 |a last modification  |c 20160512 21:36:00  |k Rodrigo Vera 
999 |c 363974  |d 363972 
952 |0 0  |1 0  |3 erb  |4 0  |6 628_200000000000000_INS_2010  |7 0  |8 X  |9 476851  |a BIBING  |b BIBING  |i 5286417  |o 628.2 INS 2010  |p 5286417  |r 2025-01-20  |w 2019-11-24  |y BK_X  |z Catalogado en:20160512  |k CCL